Statistics for Complete The Lyric-Eminem

Click here to take the quiz!

General Stats

  • This quiz has been taken 22 times
  • The average score is 7 of 14

Answer Stats

SongLyricCompleted Lyric% Correct
Without MeNow this looks like a job for me
So everybody, just follow me
'Cause we need a little, _______
'Cause it feels so empty, without me
Controversy
88%
My Name IsHi!
My name is
What?
My name is
___?
My name is
Chika-chika
Slim Shady
Who
76%
Rap GodI'm beginnin' to feel like a Rap God, Rap God
All my people from the front to the back nod, back nod
Now, who thinks their arms are long enough to slap box, slap box?
They said I rap like a ____, so call me Rap-bot
Robot
71%
MockingbirdAnd your mom was savin' money for you in a jar
Tryna start a piggy bank for you so you could go to college
Almost had a ______ dollars 'til someone broke in and stole it
And I know it hurt so bad, it broke your mama's heart
And it seemed like everything was just startin' to fall apart
Thousand
71%
The Real Slim ShadyI'm Slim Shady, yes, I'm the real Shady
All you other Slim Shadys are just ______
So won't the real Slim Shady please stand up
Imitating
65%
Lose YourselfSnap back to reality
Oh, there goes gravity
Oh, there goes ____, he choked
He's so mad, but he won't give up that easy, no
Rabbit
59%
Without MeA visionary, vision of scary
Could start a ______, pollutin' the airwaves
Revolution
59%
Lose YourselfSo the soap opera is told and unfolds
I suppose it's old partner but the ___ goes on
Da da dum, da dum da da
Beat
47%
Love The Way You LieI can't tell you what it really is
I can only tell you what it feels like
And right now, there's a steel knife in my ______
I can't breathe, but I still fight while I can fight
Windpipe
47%
Sing For The MomentIt's so scary in a house that allows, no swearing
To see him walking around with his _______ blaring
Alone in his own zone, cold and he don't care
Headphones
35%
The MonsterI'm just relayin' what the voice in my head's sayin'
Don't shoot the _______, I'm just friends with the
Messenger
35%
Just Lose ItWell, it's Friday and it's my day
Just to party all the way to Sunday
Maybe 'til Monday, I don't know what day
Every day's just a _____
Holiday
18%
Rap GodOnly realized it was ironic, I was signed to Aftermath after the fact
How could I not blow? All I do is drop F-bombs
Feel my ____ of attack
Rappers are havin' a rough time period, here's a maxi pad
Wrath
18%
VenomV-Venomous, the _____ spun
Like a web and you just caught in 'em
Held against your will like a hubcap or mud flap
Beat strangler attack
Thoughts
6%

Score Distribution

Percentile by Number Answered

Percent of People with Each Score

Your Score History

You have not taken this quiz